Alle Vizemeister Bundesliga - Statistiken

Allgemein
  • Dieses Quiz wurde 64 mal gespielt
  • Das Durchschnittsergebnis liegt bei 59 aus 63
Antwortstatistiken
Jahr Vizemeister % Korrekt
1997 Bayer 04 Leverkusen
100%
1999 Bayer 04 Leverkusen
100%
2000 Bayer 04 Leverkusen
100%
2002 Bayer 04 Leverkusen
100%
2011 Bayer Leverkusen
100%
1966 BVB Borussia Dortmund
100%
1992 BVB Borussia Dortmund
100%
2013 BVB Borussia Dortmund
100%
2014 BVB Borussia Dortmund
100%
2016 BVB Borussia Dortmund
100%
2019 BVB Borussia Dortmund
100%
2020 BVB Borussia Dortmund
100%
2022 BVB Borussia Dortmund
100%
2023 BVB Borussia Dortmund
100%
2026 BVB Borussia Dortmund
100%
2017 RB Leipzig
98%
2021 RB Leipzig
98%
2015 VfL Wolfsburg
98%
1968 Werder Bremen
98%
1983 Werder Bremen
98%
1985 Werder Bremen
98%
1986 Werder Bremen
98%
1995 Werder Bremen
98%
2006 Werder Bremen
98%
2008 Werder Bremen
98%
1972 FC Schalke 04
97%
1977 FC Schalke 04
97%
2001 FC Schalke 04
97%
2005 FC Schalke 04
97%
2007 FC Schalke 04
97%
2010 FC Schalke 04
97%
2018 FC Schalke 04
97%
1976 Hamburger SV
97%
1980 Hamburger SV
97%
1981 Hamburger SV
97%
1984 Hamburger SV
97%
1987 Hamburger SV
97%
1965 1. FC Köln
93%
1973 1. FC Köln
93%
1982 1. FC Köln
93%
1989 1. FC Köln
93%
1990 1. FC Köln
93%
1979 VfB Stuttgart
93%
2024 VfB Stuttgart
93%
2003 VfB Stutttgart
93%
1970 FC Bayern München
92%
1971 FC Bayern München
92%
1988 FC Bayern München
92%
1991 FC Bayern München
92%
1993 FC Bayern München
92%
1996 FC Bayern München
92%
1998 FC Bayern München
92%
2004 FC Bayern München
92%
2009 FC Bayern München
92%
2012 FC Bayern München
92%
2025 Bayer 04 Leverkusen
90%
1994 1. FC Kaiserslautern
86%
1974 Borussia Mönchengladbach
86%
1978 Borussia Mönchengladbach
86%
1967 TSV 1860 München
80%
1975 Hertha BSC
71%
1964 MSV Duisburg
66%
1969 Alemania Aachen
46%
Keine übereinstimmenden Quizze gefunden
Verteilung der Resultate
Anzahl Personen mit jedem Resultat
Perzentil nach korrekt beantworteten Fragen
Ihre Resultats-Entwicklung
Sie haben dieses Quiz noch nicht gespielt